000
00272nam a2200097Ia 4500
008
240331s9999 xx 000 0 und d
082
_a
016
_b
HUM
100
_a
Cente for human study. ed
245
0
_a
Union list of human right periodicals in eight Sri Lanka libraries
942
_c
L
999
_c
636
_d
636